Εισαγωγή στη συγκριτική στερεοτυπολογία των εθνικών χαρακτηριστικών στη λογοτεχνία

Αποθηκεύτηκε σε:
Λεπτομέρειες βιβλιογραφικής εγγραφής
Κύριος συγγραφέας: Οικονόμου-Αγοραστού, Ιωάννα
Μορφή: Βιβλίο
Γλώσσα:Greek
Δημοσίευση: Θεσσαλονίκη : University Studio Press, 1992
Θέματα:
Ετικέτες: Προσθήκη ετικέτας
Δεν υπάρχουν, Καταχωρήστε ετικέτα πρώτοι!

MARC

LEADER 00000cam a2200000 i 4500
001 1/16884
008 111130s1992 gre d
020 |a 960-12-0337-6 
035 |l 10111515 
040 |a GR-MY-UA  |b gre  |e aacr 
041 0 |a gre 
082 0 |a 809.93353  |2 (22) 
100 1 |a Οικονόμου-Αγοραστού, Ιωάννα. 
245 1 0 |a Εισαγωγή στη συγκριτική στερεοτυπολογία των εθνικών χαρακτηριστικών στη λογοτεχνία /  |c Ιωάννα Οικονόμου-Αγοραστού 
260 |a Θεσσαλονίκη :   |b University Studio Press,   |c 1992 
300 |a 120 σ.;  |c 24 εκ. 
504 |a Περιέχει βιβλιογραφικές παραπομπές και ευρετήριο 
650 0 0 |a Ethnicity in literature. 
650 0 0 |a Literature, Modern  |x Themes, motives. 
650 0 0 |a Literature, Modern  |x History and criticism. 
852 |a INST  |b RHODES  |e 20111130  |h 809.93353 ΟΙΚ  |p 005400033851  |q 005400033851  |t BK  |y 0 
901 |a BIBL4-2011-3 
909 |a Ρ  |b 170486 
922 |a 4ΕΛΗ 
970 |z 2011/11/30